Reader` s digest condensed books
Zapisane w:
| Format: | Książka |
|---|---|
| Język: | Undetermined |
| Wydane: |
New York, Estados Unidos
The Reader's Digest Association
1975
|
| Hasła przedmiotowe: | |
| Etykiety: |
Dodaj etykietę
Nie ma etykietki, Dołącz pierwszą etykiete!
|
MARC
| LEADER | 00000nam a2200000Ia 4500 | ||
|---|---|---|---|
| 008 | 170316s9999 xx 000 0 und d | ||
| 999 | |c 12295 |d 12295 | ||
| 040 | |a cru BVZT | ||
| 090 | |a A-810 R-1r v.2 | ||
| 245 | |a Reader` s digest condensed books | ||
| 260 | |a New York, Estados Unidos | ||
| 260 | |b The Reader's Digest Association | ||
| 260 | |c 1975 | ||
| 300 | |a 574 páginas Vol. 2 | ||
| 650 | |a LITERATURA ESTADOUNIDENSE |9 25 | ||
| 650 | |a ANTOLOGÍA |9 80 | ||
| 942 | |c 15 D |h A-810 R-1r v.2 |2 z | ||
